Leader xxxxxxxxxx
001 __ PCLIS00049360
005 __ 20220207163456.0
010 0_ |a978-957-33-3161-2|b平裝|dNT$320
100 __ |a20151109d2015 m y0chiy09 e
101 0_ |achi
102 __ |atw
105 __ |aa z 000cy
200 1_ |a重新,一個人|e擁有自由無畏的人生下半場|f吳若權著
205 __ |a初版
210 __ |a臺北市|c皇冠文化|d2015[民104]
215 0_ |a267面|c部份彩圖|d21公分
225 2_ |a皇冠叢書|v第4477種
225 2_ |a吳若權幸福書房|v8
300 __ |a作者號由t038取作8853,由t561改為8854
410 __ |12001|a皇冠叢書|v第4477種
410 __ |12001|a吳若權幸福書房|v8
517 1_ |a擁有自由無畏的人生下半場|zchi
606 __ |2cst|a散文
681 __ |a855|b8854
681 __ |a855|b8853
700 _1 |a吳|b若權|4著
801 _0 |atw|b內湖高中|c20151109|gCCR
|